Genotype X Environment Interaction Studies in Brinjal (Solanum Melongena L.) (Record no. 50110)

MARC details
000 -LEADER
fixed length control field 00467nam a22001577a 4500
003 - CONTROL NUMBER IDENTIFIER
control field OSt
008 - FIXED-LENGTH DATA ELEMENTS--GENERAL INFORMATION
fixed length control field 260423b |||||||| |||| 00| 0 eng d
082 ## - DEWEY DECIMAL CLASSIFICATION NUMBER
Classification number 635.646
Item number C32G
100 ## - MAIN ENTRY--PERSONAL NAME
Personal name Chaurasia, Hemant Kumar
245 ## - TITLE STATEMENT
Title Genotype X Environment Interaction Studies in Brinjal (Solanum Melongena L.)
260 ## - PUBLICATION, DISTRIBUTION, ETC. (IMPRINT)
Place of publication, distribution, etc BAU, Sabour, Bhagalpur
Name of publisher, distributor, etc RAU, Pusa, Samastipur
Date of publication, distribution, etc 2007
300 ## - PHYSICAL DESCRIPTION
Extent 70P.
502 ## - DISSERTATION NOTE
Degree type Msc.
Year degree granted 2007
650 ## - SUBJECT ADDED ENTRY--TOPICAL TERM
Topical term or geographic name as entry element Vegetable & Floriculture
942 ## - ADDED ENTRY ELEMENTS (KOHA)
Source of classification or shelving scheme
Koha item type Thesis
Holdings
Withdrawn status Lost status Source of classification or shelving scheme Damaged status Not for loan Home library Current library Date acquired Total Checkouts Full call number Barcode Date last seen Bill Date Koha item type
          Dr. Rajendra Prasad Central Agricultural University Pusa, Dr. Rajendra Prasad Central Agricultural University Pusa, 23/04/2026   635.646 C32G 55520 23/04/2026 23/04/2026 Thesis
Hosted, Implemented, Customized & Maintained by: BestBookBuddies

Powered by Koha